Регионална библиотека "Любен Каравелов" - Русе

Без дом (Запис номер 433046)

MARC детайли
000 -Лидер
Контролно поле с фиксирана дължина 01317nam a2200325 c 4500
003 - Код на организацията, давaща контролен номер
Контролно поле BLK
005 - Дата и час на последна редакция
Контролно поле 20211001151752.0
008 - Елементи от данни с фиксирана дължина
fixed length control field 180410b bul|||||r ||||||| ||bul||
040 ## - Източник на каталожния запис
Идентификатор на билиотеката - собственик на записа BLK
041 ## - Код за език
Код за езика на текст/звукозапис или на отделно заглавие Български
Код за езика КДБФ Български
080 ## - УДК
Текстов определител УДК Френска литература
УДК код - определител по УДК 821.133.1
УДК определител -93-31
УДК - код + определител 821.133.1-93-31
100 1# - Редна дума - Автор
Автор Мало, Хектор
Авторска отговорност първи автор
R(LIN) 259281
139 ## - Редно поле
Редна дума Мало, Хектор
Авторски знак Малк - М 23
245 10 - Сведения за заглавието
Заглавие Без дом
Подзаглавни данни Роман : Ч. 1 - 2
Редно поле (дума) Хектор Мало; прев. от фр. М. Михайлова
250 ## - Област на изданието
Сведения за изданието 2. изд.
260 ## - Област на издателските данни
Име на издателя, разпространителя и проч. Хемус
Година на издаване 1928
9 (RLIN) 209594
Място на издаване, разпространение и проч. София
Издателство - префикс ISBN 954-428-
300 ## - Физическа характеристика
Страници 143; 152 с.
Илюстрации и др. с ил.
Размери/Мащаб 21 см
380 ## - Жанр
Жанр Детска худож. лит.
500 ## - Общи забележки
Забележка 1. изд. 1920 - 1921 на изд. Хемус в 2 кн. в сер. Най-хубавите книги за деца и юноши ; Ориг. загл. Sans famille / Hector Malot.
700 1# - Други автори (авторска отговорност)
Лично име Михайлова, Мара
Автороска отговорност (Описва отношението между автора и произведението) прев. от фр.
9 (RLIN) 370813
852 ## - Местоположение
Форматна сигнатура Цб
856 4# - Електронен адрес и достъп
Електронен формат pdf - файл
856 4# - Електронен адрес и достъп
Електронен формат pdf - файл
999 ## - СИСТЕМНИ КОНТРОЛНИ НОМЕРА
Koha biblionumber 433046
Koha biblioitemnumber 433046
942 ## - АРТИКУЛИ
Вид на библиотечния материал Книги
Скрит в OPAC Не
Периодичен библиозапис Да
944 ## - СЪЗДАВАНЕ И РЕДАКЦИЯ на ЗАПИСА
Създаване/Редакция Създаване
Дата на регистрацията/редакция 2021-10-01
Служител, извършил регистрацията/редакцията нр
Наличности
Код за отписване Код за изгубен артикул Източник на класификационната схема Код за повреда Коз за рестрикции Код за отдаване Артикулен № Име на библиотеката - собственик Име на библиотеката, в която се намира в момента Статус (Текущо местоположение) Дата на вписване в системата Местоположение - отдел Цена в лева Систематично азбучна сигнатура Баркод Цена в евро Служебен тип на артикула
  Не е изгубен Universal Decimal Classification Не е повреден само за читалня ползва се в читалня 856952 Регионална библиотека "Любен Каравелов" Русе Регионална библиотека "Любен Каравелов" Русе Хранилище 2021-10-11 Основен фонд - ползва се само за читалня 22.00 Цб 309100 120000860196 11.25 Книги
Vip Innovations Ltd, Rousse, Bulgaria 2025